000 00430nam a2200193Ia 4500
001 11919
003 GE_BSU
008 181216s||||||||xx |||||||||||||| ||und||
040 _cGE_BSU
080 _a821.111-32
100 _aReeman,Douglas
245 _aRendezvous-South Atlantic
260 _aLondon
260 _bArrow Books.
260 _c1972.
300 _a384p;18cm.
653 _aRendezvous-South Atlantic
942 _cBK
999 _c45096
_d45096